TDS Enemies that can Spawn more Enemies - Statistics

General Stats
  • This quiz has been taken 8 times
    3 since last reset
  • The average score is 27 of 51
Answer Stats
Answer % Correct
Breaker2
100%
Breaker3
100%
Breaker4
100%
Fallen King
100%
Fallen Necromancer
100%
Fallen Summoner
100%
Grave Digger
100%
Molten Necromancer
100%
Molten Summoner
100%
Molten Warlord
100%
Necromancer
100%
Nuclear Monster
100%
Super Slime
100%
Amalgamation
50%
Conjurer
50%
Dark Necromancer
50%
Demon
50%
Fallen Reaper
50%
Frost Necromancer
50%
Frost Spirit
50%
Gold Titan
50%
Molten Boss
50%
Mystery
50%
Mystery Boss
50%
Mystery Summoner
50%
Necromancer Boss
50%
Necromancer King
50%
Patient Zero
50%
Png Bot2
50%
Png Bot3
50%
Png Bot4
50%
Reaper
50%
Slime
50%
Slime (Sandbox)
50%
Snow Golem
50%
Soul Stealer
50%
Splitter
50%
Summoner Boss
50%
Toilet Boss
50%
Void Reaver
50%
Aged Eggroll 1
0%
Aged Eggroll 2
0%
Aged Eggroll 3
0%
Eggroll 1
0%
Eggroll 2
0%
Eggroll 3
0%
Grandmother Ducky
0%
Korblox Deathwalker
0%
Korblox Necromancer
0%
Mother Ducky
0%
Nerd Duck
0%
No matching quizzes found
Score Distribution
Percent of People with Each Score
Percentile by Number Answered
Your Score History
You have not taken this quiz since the last reset